| 000 | 01297 a2200181 4500 | ||
|---|---|---|---|
| 020 | _a0521642221 | ||
| 020 | _a0521642221 | ||
| 040 |
_aDLC _bDLC |
||
| 100 | 1 | _aBorn, Max, | |
| 245 | 1 | 0 |
_aPrinciples of optics : electromagnetic theory of propagation, interference and diffraction of light _belectromagnetic theory of propagation, interference and diffraction of light _cMax Born and Emil Wolf, A.B. Bhatia |
| 250 | _a7th expanded ed. | ||
| 260 |
_aCambridge ; _aNew York : _bCambridge University Press, _c1999. |
||
| 300 |
_axxxiii, 952 p. : _bill. ; _c26 cm. |
||
| 520 | 1 | _a"The first ever thoroughly revised and expanded edition of one of the classic books on optics of the twentieth century; new material includes an account of the CAT scan (computerized axial tomography); an expanded section on diffraction, including an account of the Rayleigh-Sommerfeld theory; explanation of effects of spatial coherence on the spectrum of light, illustrated by Young's interference experiment with broad-band light; new chapter on both scalar and electromagnetic scattering; and new appendices include; an account of energy conservation in scalar wavefields Jones' lemma on asymptotic behaviour of certain integrals."--BK JACKET. | |
| 650 | 0 | _aOptics. | |
| 700 | 1 | _aWolf, Emil. | |
| 942 |
_cBK _k535 BOR _2ddc |
||
| 999 |
_c8962 _d8962 |
||